|
|
|
|
| LEADER |
01420nam a2200325 a 4500 |
| 001 |
1162117 |
| 008 |
101214r20081997nyua 001 0 eng d |
| 010 |
|
|
|a 96018245
|
| 020 |
|
|
|a 9780070589506
|
| 020 |
|
|
|a 007058950x
|
| 020 |
|
|
|a 0070306443
|
| 040 |
|
|
|a DLC
|c DLC
|d DLC
|d BD-DhAAL
|
| 082 |
0 |
0 |
|a 519.2/076
|2 20
|
| 100 |
1 |
|
|a Hsu, Hwei P.
|q (Hwei Piao),
|d 1930-
|
| 245 |
1 |
0 |
|a Schaum's outline of theory and problems of probability, random variables, and random processes /
|c Hwei P. Hsu.
|
| 246 |
3 |
0 |
|a Theory and problems of probability, random variables, and random processes
|
| 246 |
3 |
0 |
|a Probability, random variables, and random processes
|
| 246 |
1 |
4 |
|a Probability, random variables & random processes
|
| 260 |
|
|
|a New York ;
|a New Delhi :
|b Tata McGraw-Hill,
|c c1997 [reprinted 2008].
|
| 300 |
|
|
|a vii, 306 p. :
|b ill. ;
|c 28 cm.
|
| 490 |
0 |
|
|a Schaum's outline series
|
| 500 |
|
|
|a Includes index.
|
| 541 |
1 |
|
|e 00021618
|
| 650 |
|
0 |
|a Probabilities
|x Problems, exercises, etc.
|
| 650 |
|
0 |
|a Probabilities
|x Outlines, syllabi, etc.
|
| 650 |
|
0 |
|a Stochastic processes
|x Problems, exercises, etc.
|
| 650 |
|
0 |
|a Stochastic processes
|x Outlines, syllabi, etc.
|
| 852 |
4 |
|
|a Ayesha Abed Library
|c General Shelf.
|
| 999 |
|
|
|c 10216
|d 10216
|
| 952 |
|
|
|0 0
|1 0
|2 ddc
|4 0
|6 519_207600000000000_HSU
|7 0
|9 13628
|a BRACUL
|b BRACUL
|c GEN
|d 2010-12-14
|e TRIM EDUCATION
|l 12
|m 42
|o 519.2076 HSU
|p 3010021618
|r 2020-01-23
|s 2020-01-22
|t 1
|w 2010-12-14
|y BK
|